Планы Выборга и его окрестностей. Синька. (4 оригинал, 3 копии)

RUSMARC
00006133cmc2a2200000 x 450
0014933bc97-b4a0-4552-828f-4476dc833c73
00520161019152158.0
2001#$aПланы Выборга и его окрестностей. Синька. (4 оригинал, 3 копии)
$j1932-1933
300##$aЗаголовок также: Планы г. Выборга и его окрестностей, кроме Уураса (ныне Высоцк) 1932 года, Планы г. Выборга 16.03.1933 года. Печатные, синька, ксерокопии.
300##$aНа финском языке
937##$hПБ
801#0$aRU
$bПБ им. Б.Н. Ельцина
$c20160111
801#1$aRU
$bПБ им. Б.Н. Ельцина
$c20161013
$2rusmarc
801#2$aRU
$bПБ им. Б.Н. Ельцина
$c20161013
$gRCR
$2rusmarc
215##$a7 листов
5171#$aПланы г. Выборга и его окрестностей, кроме Уураса (ныне Высоцк) 1932 года, Планы г. Выборга 16.03.1933 года. Печатные, синька, ксерокопии
100##$a20161013l19321933k y0rusy са
1010#$afin
102##$aFI
1222#$ad1932######
$ad1933######
1231#$aa
124##$aa
$bj
251##$cДокумент
461#0$1001c4c30068-c070-47bb-88e5-61dd43074524
$12001
$aКарты, планы, чертежи г. Выборга, Выборгской, Куопиоской, Миккельской губерний
$1251
$cФонд
$1852
$j531
462#0$10019a75f7fa-d3a6-4108-9e3d-0cd6123cd871
$12000
$aОп. 1
$vЕд. хр. 107
$1251
$cОпись
$1852
$j1
850##$aГосударственное казенное учреждение "Ленинградский областной государственный архив в г. Выборге" (ЛОГАВ)
852##$aЛен. обл. гос. архив в г. Выборге
$j107
50901$aВыборг
$hгород
$lПлан
686##$2rubbk
$a63.3(2Рос-4Лен)6я64
$vLBC/M
617##$2prlib_sh
$cЛенинградская область
605##$2acquisition_Prlib
$3DITM\AF\0000004675
$aТерритория
$lколлекция
605##$aЛенинградская область: страницы истории
$lколлекция
$2acquisition_Prlib
$3LIBNET\UAF\0000011043
605##$aТерритория России: Ленинградская область
$lколлекция
$2acquisition_Prlib
$3LIBNET\UAF\0000039012
607##$2nlr_sh
$3RU\NLR\AUTH\661593238
$aВыборг, город (Ленинградская область)
$jПланы
607##$aВыборг, город (Ленинградская область)
$2prlib_sh
$3LIBNET\UAF\0000064428
$xИстория
$z1917-1940
607##$aВыборгский район (Ленинградская область)
$xИстория
$z1917-1940
$2prlib_sh
$3LIBNET\UAF\0000064451
607##$aВыборгский район (Ленинградская область)
$2nlr_sh
$3RU\NLR\AUTH\661441419
$jПланы
8564#$uhttp://www.prlib.ru/Lib/pages/item.aspx?itemid=142645
Формат отображения